000 00366nam a2200121Ia 4500
008 220204s9999 xx 000 0 und d
020 _a8171883850
082 _a338.43.01
_bSTA.15
100 _aMisra, V N
245 0 _aState of the Indian farmer: A millennium study. 27 vols + CD.V.15. Terms of trade
260 _aNew Delhi
_bAcademic Foundation
_c2004
942 _cBK
999 _c42337
_d42337